000
002580000a22000970004500
100
1
_a
Turner, Sharleen
245
1
0
_a
Long road for street kids
300
_a
Vol. 73, Num 4 (Octubre-Diciembre), Páginas 10-11
773
0
_t
Latin America Evangelist
942
_c
ANA
999
_c
54764
_d
54764